000 00794aaa a22002175a 4500
001 81178
003 BD-RjUL
005 20230206152843.0
008 230206s1993 su ||||| |||| 00| 0 ara d
035 _a(BD-RjUL)81178
040 _aBD-RjUL
_beng
_cBD-RjUL
041 _aara
082 _223
_a340.59
_bAMM 1993
100 _aal'amin, hasan الأمين، حسن
_96859
245 1 4 _a المضاربة الشرعية وتطبيقاتها الحديثة almudarabat alshareiat watatbiqatuha alhaditha /
_cحسن الأمين Hassan Amin
250 _aSecond edition revised الطبعة الثانية منقحة
260 _a جدة، السعودية:
_bالبنك الإسلامي للتنمية،
_c1993
300 _a66 p. ;
_c23 cm
650 _aIslamic Law
942 _2ddc
_cBK
999 _c81178
_d81178